[Event "AUTO-OPEN-1960"]
[Site "http://www.queenalice.com/game.php?id=767550"]
[Date "2010.4.28"]
[Round "1"]
[White "AndreaLM"]
[Black "Peterov"]
[Result "1-0"]
[WhiteElo "1647"]
[BlackElo "1761"]

1. d4 d5 2. c4 c6 3. Nc3 Nf6 4. cxd5 cxd5 5. f3 Nc6 6. e4 dxe4 7. d5 Ne5 8. fxe4
e6 9. Nf3 Nxf3+ 10. Qxf3 Bd6 11. Bb5+ Bd7 12. Bxd7+ Qxd7 13. O-O exd5 14. e5
Bxe5 15. Re1 Ne4 16. Nxe4 dxe4 17. Qxe4 1-0

[Event "AUTO-OPEN-1960"]
[Site "http://www.queenalice.com/game.php?id=767551"]
[Date "2010.4.28"]
[Round "1"]
[White "Peterov"]
[Black "AndreaLM"]
[Result "0-1"]
[WhiteElo "1590"]
[BlackElo "1694"]

1. d4 f5 2. g3 Nf6 3. Bg2 g6 4. Nf3 Bg7 5. O-O O-O 6. c4 d6 7. Nc3 Qe8 8. d5 a5
9. Nd4 Na6 10. e4 fxe4 11. Nxe4 Nxe4 12. Bxe4 Bh3 13. Re1 Nc5 14. Bh1 Qf7 15.
Be3 Rae8 16. Qd2 e5 17. dxe6 Nxe6 18. Nb5 b6 19. Bc6 Re7 0-1

[Event "AUTO-OPEN-1960"]
[Site "http://www.queenalice.com/game.php?id=767576"]
[Date "2010.4.28"]
[Round "1"]
[White "ernesto_che"]
[Black "Peterov"]
[Result "1-0"]
[WhiteElo "2090"]
[BlackElo "1516"]

1. Nf3 Nf6 2. c4 c5 3. b4 cxb4 4. d4 d6 5. e3 Na6 6. Bd3 g6 7. Qb3 Bg7 8. a3 e5
9. Nbd2 Qe7 10. Bc2 exd4 11. Nxd4 bxa3 12. Bxa3 Nc5 13. Qc3 O-O 14. O-O a5 15.
N2b3 Nfe4 16. Bxe4 Nxe4 17. Qd3 1-0

[Event "AUTO-OPEN-1960"]
[Site "http://www.queenalice.com/game.php?id=767594"]
[Date "2010.4.28"]
[Round "1"]
[White "Peterov"]
[Black "BEIGEBOOK"]
[Result "0-1"]
[WhiteElo "1516"]
[BlackElo "2275"]

1. e4 c6 2. d4 d5 3. e5 Bf5 4. Nf3 e6 5. Be2 Nd7 6. O-O Be7 7. Nc3 Qc7 8. Bd3
Bxd3 9. Qxd3 h6 10. Ne2 O-O-O 11. a4 g5 12. h3 f5 13. a5 Nb8 14. Bd2 Qd7 0-1

[Event "AUTO-OPEN-1960"]
[Site "http://www.queenalice.com/game.php?id=767595"]
[Date "2010.4.28"]
[Round "1"]
[White "BEIGEBOOK"]
[Black "Peterov"]
[Result "1-0"]
[WhiteElo "2276"]
[BlackElo "1516"]

1. d4 Nf6 2. Bf4 c5 3. dxc5 Na6 4. Nc3 Nxc5 5. Be5 d6 6. Bxf6 gxf6 7. e3 Bd7 8.
Nf3 Rg8 9. Nd5 e6 10. Nf4 Qb6 11. Rb1 Bh6 12. Nh5 Ke7 13. c3 f5 14. Qd4 1-0

[Event "AUTO-OPEN-2370"]
[Site "http://www.queenalice.com/game.php?id=942077"]
[Date "2011.5.24"]
[Round "1"]
[White "razoman"]
[Black "Peterov"]
[Result "1-0"]
[WhiteElo "1875"]
[BlackElo "1653"]

1. e4 c5 2. Bc4 Nc6 3. Nf3 Nf6 4. d3 e6 5. O-O d5 6. exd5 exd5 7. Bb5 Bd6 8.
Re1+ Be6 9. Nc3 O-O 10. Bxc6 bxc6 11. Ne5 Qc7 12. Bf4 Rab8 13. Na4 h5 14. d4
cxd4 15. Bg3 h4 16. Nxf7 hxg3 17. Rxe6 1-0

[Event "AUTO-OPEN-2370"]
[Site "http://www.queenalice.com/game.php?id=942078"]
[Date "2011.5.24"]
[Round "1"]
[White "Peterov"]
[Black "razoman"]
[Result "1-0"]
[WhiteElo "1516"]
[BlackElo "1857"]

1. c4 g6 2. e4 Bg7 3. d4 Nf6 4. e5 Ng8 5. Nc3 c6 6. Bf4 e6 7. Ne4 Bf8 8. c5 Bg7
9. Bg5 Qa5+ 10. Bd2 Qc7 11. Nd6+ Kf8 12. g4 f6 13. Qf3 Qd8 14. exf6 1-0

[Event "AUTO-OPEN-2370"]
[Site "http://www.queenalice.com/game.php?id=942101"]
[Date "2011.5.24"]
[Round "1"]
[White "Peterov"]
[Black "phystutordotcom"]
[Result "0-1"]
[WhiteElo "1640"]
[BlackElo "2148"]

1. c4 d6 2. Nc3 Nf6 3. d4 e5 4. Nf3 Nbd7 5. Bg5 Be7 6. e3 O-O 7. Bd3 c6 8. O-O
Ne8 9. Bxe7 Qxe7 10. Qc2 Nef6 0-1

[Event "AUTO-OPEN-2370"]
[Site "http://www.queenalice.com/game.php?id=942103"]
[Date "2011.5.24"]
[Round "1"]
[White "Peterov"]
[Black "BIBIU16"]
[Result "0-1"]
[WhiteElo "1691"]
[BlackElo "2208"]

1. c4 Nf6 2. Nc3 g6 3. e4 d6 4. d4 Bg7 5. Be2 O-O 6. Bg5 h6 7. Be3 e5 8. dxe5
dxe5 9. Nf3 Nc6 10. h3 Be6 11. O-O a6 12. Re1 Nh5 13. Nd5 Ne7 14. Qb3 Nxd5 15.
cxd5 Bc8 16. Rac1 c6 17. dxc6 bxc6 0-1

[Event "AUTO-OPEN-2370"]
[Site "http://www.queenalice.com/game.php?id=942104"]
[Date "2011.5.24"]
[Round "1"]
[White "BIBIU16"]
[Black "Peterov"]
[Result "1-0"]
[WhiteElo "2209"]
[BlackElo "1691"]

1. e4 c5 2. Nf3 g6 3. d4 Bg7 4. c3 d5 5. e5 Nc6 6. Bb5 Bd7 7. O-O Nxe5 8. Bxd7+
Nxd7 9. Re1 Ngf6 10. Qe2 e6 11. Bg5 O-O 12. Nbd2 Qb6 13. Nb3 c4 14. Nc1 Ne4 15.
Be7 Rfe8 16. Ba3 e5 17. dxe5 1-0

[Event "AUTO-OPEN-2371"]
[Site "http://www.queenalice.com/game.php?id=942338"]
[Date "2011.5.25"]
[Round "1"]
[White "beckhamf2000"]
[Black "Peterov"]
[Result "1-0"]
[WhiteElo "1907"]
[BlackElo "1641"]

1. d4 b6 2. e4 Bb7 3. Bd3 Nf6 4. Nf3 Bxe4 5. Nc3 Bxd3 6. Qxd3 e6 7. Bg5 Nc6 8.
O-O-O Be7 9. Ne5 Nd5 10. Bxe7 Ncxe7 11. Qg3 1-0

[Event "AUTO-OPEN-2371"]
[Site "http://www.queenalice.com/game.php?id=942341"]
[Date "2011.5.25"]
[Round "1"]
[White "Peterov"]
[Black "patobesta"]
[Result "0-1"]
[WhiteElo "1691"]
[BlackElo "1842"]

1. c4 c5 2. Nc3 Nf6 3. Nf3 d5 4. cxd5 Nxd5 5. e4 Nxc3 6. dxc3 Qxd1+ 7. Kxd1 Nc6
8. Bc4 e6 9. a4 Na5 10. Bb5+ Bd7 0-1